| 000 | 00988nmm a2200289 a 4500 | ||
|---|---|---|---|
| 001 | ocm0002015754 | ||
| 003 | TR-IsHL | ||
| 005 | 20201028180638.0 | ||
| 008 | 181216s2018 tu tur | ||
| 007 | cr cn | ||
| 020 | _a9786052971284 | ||
| 035 |
_a2015754 _b(N$T) |
||
| 050 | 0 | 4 |
_aPL240 _b.I553 2018 |
| 090 | 0 | 4 |
_aPL240 _b.I553 2018 |
| 245 | 1 | 0 |
_aIhlamur kokulu hikayeler _h[electronic resource] / _chazırlayan Ender Haluk derince ; editör Özge Ceren Kalender, Begüm Öztürk |
| 260 |
_aİstanbul : _bYakamoz Kitap, _c2018 |
||
| 300 | _a352 p. | ||
| 650 | 4 | _aDil ve Edebiyat | |
| 650 | 4 | _aLanguage and Literature | |
| 650 | 0 | _aTürk kısa hikayeleri | |
| 650 | 0 | _aShort stories, Turkish | |
| 650 | 7 |
_aLITERARY COLLECTIONS / Middle Eastern _2bisacsh |
|
| 700 | 1 | _aKalender, Özge Ceren | |
| 700 | 1 | _aDerince, Ender Haluk | |
| 700 | 1 | _aÖztürk, Begüm | |
| 856 | 4 | 0 | _uhttp://search.ebscohost.com/login.aspx?direct=true&scope=site&db=e011xww&AN=2015754 |
| 999 |
_c19238 _d19238 |
||